[Event "1st WMSG Blitz Team"]
[Site "Beijing CHN"]
[Date "2008.10.13"]
[Round "7"]
[White "Manca,F"]
[Black "Glud,J"]
[Result "1-0"]
[WhiteElo "2373"]
[BlackElo "2444"]

1.e4 c5 2.c3 Nf6 3.e5 Nd5 4.d4 cxd4 5.Nf3 e6 6.cxd4 d6 7.Nc3 Nc6 8.exd6 Bxd6
9.Bd3 O-O 10.O-O Nce7 11.Re1 b6 12.Nxd5 Nxd5 13.Ng5 h6 14.Ne4 Bb4 15.Bd2 Bxd2
16.Qxd2 Bb7 17.Rad1 Nf6 18.Nc3 Qd6 19.Re3 Rad8 20.Rg3 Kh8 21.Bc2 a6 22.Rh3 Ng8
23.Qd3 f5 24.Qe3 f4 25.Qd3 Nf6 26.Qg6 Qe7 27.Bb3 f3 28.g4 Qe8 29.Qxe8 Rfxe8
30.g5 Ng4 31.Rg3 h5 32.h3 e5 33.hxg4 exd4 34.g6 Bc8 35.gxh5 dxc3 36.Rxd8 Rxd8
37.bxc3 Bb7 38.Rg5 Re8 39.Rf5 b5 40.Rf7 Be4 41.Kh2 a5 42.a3 a4 43.Be6 Rd8
44.Kg3 Re8 45.Kf4 Bc2 46.Kg5 Rd8 47.h6 Rg8 48.hxg7+  1-0

[Event "1st WMSG Blitz Team"]
[Site "Beijing CHN"]
[Date "2008.10.13"]
[Round "8"]
[White "Garma,C"]
[Black "Atakisi,U"]
[Result "1-0"]
[WhiteElo "2347"]
[BlackElo "2393"]

1.e4 c5 2.c3 Nf6 3.e5 Nd5 4.d4 cxd4 5.Nf3 Nc6 6.Bc4 Nb6 7.Bb3 d5 8.exd6 Qxd6
9.cxd4 Be6 10.Nc3 Bxb3 11.Qxb3 e6 12.O-O Be7 13.Nb5 Qd7 14.Nxa7 Nb4 15.Bd2 Qd5
16.Bxb4 Qxb3 17.axb3 Bxb4 18.Nb5 Ke7 19.Ne5 f6 20.Nc4 Nd5 21.Ra4 Ra6 22.Rfa1 Rha8
23.Kf1 Kd7 24.g3 Kc6 25.Rxa6+ Rxa6 26.Na7+ Kc7 27.Ra4 Rxa4  1-0

[Event "1st WMSG Blitz Team"]
[Site "Beijing CHN"]
[Date "2008.10.13"]
[Round "9"]
[White "Carlos,L"]
[Black "Li Chao2"]
[Result "0-1"]
[WhiteElo "2340"]
[BlackElo "2622"]

1.e4 c5 2.c3 Nf6 3.e5 Nd5 4.d4 cxd4 5.Nf3 Nc6 6.Bc4 Nb6 7.Bb3 d5 8.exd6 e6
9.cxd4 Bxd6 10.O-O O-O 11.Nc3 e5 12.d5 Na5 13.Re1 Nxb3 14.Qxb3 Re8 15.Ne4 Bg4
16.h3 Bh5 17.Bd2 Rc8 18.Ba5 Bg6 19.Nxd6 Qxd6 20.Bxb6 axb6 21.Rac1 Rxc1 22.Rxc1 Be4
23.Rd1 h6 24.Qb5 Rc8 25.Kh2 Bxf3 26.gxf3 e4+ 27.Kg2  0-1

[Event "1st WMSG Blitz Team w"]
[Site "Beijing CHN"]
[Date "2008.10.13"]
[Round "9"]
[White "Brunello,M"]
[Black "Popova,N"]
[Result "0-1"]
[WhiteElo "2117"]
[BlackElo "2264"]

1.e4 c5 2.c3 Nf6 3.e5 Nd5 4.d4 cxd4 5.Nf3 e6 6.cxd4 d6 7.Bc4 Nb6 8.Bd3 Bd7
9.O-O Bc6 10.Nc3 Be7 11.Bf4 Nd5 12.Nxd5 Bxd5 13.b3 O-O 14.exd6 Bxd6 15.Bxd6 Qxd6
16.Ng5 g6 17.h4 Nd7 18.h5 Qf4 19.Nh3 Qxd4 20.hxg6 hxg6 21.Rc1 Ne5 22.Bb1 Qxd1
23.Rfxd1 Rac8 24.Rxc8 Rxc8 25.Nf4 Bc6 26.Ne2 Kf8 27.f4 Ng4 28.g3 Ne3 29.Rd2 Ke7
30.b4 Bd5 31.a3 Ng4 32.Bd3 b6 33.Ba6 Rc7 34.Kf1 Bc4 35.Bxc4 Rxc4 36.Nd4 Rc3
37.Nb5 Rxg3 38.Nxa7 Rxa3 39.Nc6+ Kf6 40.Nd8 Ne3+ 41.Kf2 Nd5 42.b5 Ra4 43.Kg3 Rb4
44.Nc6 Rxb5 45.Nd4 Rb4 46.Ne2 Rb3+ 47.Kg2 Re3 48.Rb2 Rxe2+ 49.Rxe2 Nxf4+
50.Kf3 Nxe2 51.Kxe2 g5 52.Kf3 e5 53.Ke4 g4 54.Ke3 Kf5 55.Kf2 Kf4  0-1

[Event "1st WMSG Blitz Team"]
[Site "Beijing CHN"]
[Date "2008.10.13"]
[Round "10"]
[White "Sveshnikov,E"]
[Black "Nolte,R"]
[Result "0-1"]
[WhiteElo "2525"]
[BlackElo "2489"]

1.e4 c5 2.c3 Nf6 3.e5 Nd5 4.d4 cxd4 5.cxd4 d6 6.Bc4 Nb6 7.Bb3 Nc6 8.Nf3 e6
9.Bg5 Be7 10.Bxe7 Qxe7 11.Nc3 O-O 12.O-O Rd8 13.Qe2 d5 14.h4 Bd7 15.Bc2 h6
16.h5 Kf8 17.Qd3 Ke8 18.Qh7 Qf8 19.Nb5 Ke7 20.Nd6 Rab8 21.Nh4 Be8 22.Rad1 Nc8
23.Nxe8 Rxe8 24.f4 Nb4 25.Bb3 Qh8 26.Qb1 Nb6 27.f5 Qg8 28.fxe6 fxe6 29.Ng6+ Kd8
30.Qc1 Nc6 31.Qf4 Nd7 32.Ba4 b5 33.Bb3 Kc7 34.Rc1 Rb6 35.Rc2 Kb7 36.Rfc1 Ndb8
37.a3 a5 38.Ba2 a4 39.Qd2 Qf7 40.b3 axb3 41.Bxb3 Rc8 42.a4 b4 43.Rc5 Na6
44.Rb5 Ka7 45.Rf1 Qb7 46.Qd3 Nc7 47.Rc5 Nb5 48.Rxb5 Nd8 49.Rf7 Rxb5 50.Rxg7 Kb8
51.Bc2  0-1

[Event "1st WMSG Blitz Team w"]
[Site "Beijing CHN"]
[Date "2008.10.13"]
[Round "11"]
[White "Paridar,S"]
[Black "Topel,Z"]
[Result "0-1"]
[WhiteElo "2248"]
[BlackElo "2214"]

1.e4 c5 2.c3 Nf6 3.e5 Nd5 4.d4 cxd4 5.Nf3 e6 6.cxd4 Nc6 7.a3 d6 8.Bd3 dxe5
9.dxe5 a6 10.O-O Bc5 11.Qe2 Nd4 12.Nxd4 Bxd4 13.Ra2 Qc7 14.Re1 Qb6 15.b4 Bd7
16.Bb2 Nf4 17.Qg4 Bxf2+ 18.Kh1 Nxd3 19.Qxg7 Rf8 20.Rd1 Qe3 21.Nc3 Bh4 22.Bc1 Nxc1
23.Rad2 O-O-O 24.Rxd7 Rxd7 25.Qxf8+ Bd8 26.Rf1 Qxc3 27.Qh6 Nd3 28.Qe3 Qd4
29.Qe2 Qxe5 30.Qc2+ Kb8 31.a4 Nxb4 32.Qb3 Qe2 33.Rb1 Nd5 34.Qg3+ e5 35.Re1 Qb2
36.h3 Nf4 37.Qe3 Qd4 38.Qc1 Nd3 39.Qb1 Nxe1 40.Qxe1 Qd1 41.Qxd1 Rxd1+ 42.Kh2 e4
43.h4 e3 44.a5 e2 45.h5 e1=Q 46.h6 Qh4+  0-1

[Event "1st WMSG Blitz Team"]
[Site "Beijing CHN"]
[Date "2008.10.13"]
[Round "11"]
[White "Smerdon,D"]
[Black "Kojima,S"]
[Result "0-1"]
[WhiteElo "2470"]
[BlackElo "2272"]

1.e4 c5 2.c3 Nf6 3.e5 Nd5 4.d4 cxd4 5.Nf3 Nc6 6.cxd4 d6 7.Bc4 e6 8.Qe2 Be7
9.O-O O-O 10.Nc3 Nxc3 11.bxc3 dxe5 12.dxe5 Qa5 13.Rb1 Qxc3 14.Qe4 Rd8 15.Bg5 h6
16.Bxe7 Nxe7 17.Rfd1 Bd7 18.Bd3 Ng6 19.Rdc1 Qa5 20.Rxb7 Be8 21.Nh4 Qd5 22.Nxg6 Qxd3
23.Ne7+ Kf8 24.Qxd3 Rxd3 25.Ng6+ fxg6 26.h4 Rd7 27.Rb4 Rad8 28.Rc3 Rd1+ 29.Kh2 R1d2
30.Rf3+ Kg8 31.a3 Bc6 32.Rg3 Rxf2 33.Rxg6 Rdd2 34.Rbg4 Rf7 35.Rc4 Bd5 36.Rc8+ Kh7
37.Rg3 Rff2 38.Rc7 Rxg2+ 39.Rxg2 Rxg2+ 40.Kh3 Re2 41.Rxa7 Rxe5 42.a4 Re3+
43.Kg4 Ra3 44.a5 e5 45.Kf5 e4 46.Ke5 Bc6 47.Kd6 Bb5 48.Kc5 Bd3 49.Kd4 Ra2
50.h5 Rh2 51.a6 Ra2 52.Re7 Rxa6 53.Ke3 Ra5 54.Rd7 Rxh5 55.Re7 Rg5 56.Kf4 Kg6
57.Re6+ Kf7 58.Rb6 Rg6 59.Rb7+ Kg8 60.Rb8+ Kh7 61.Rb7 h5 62.Rb2 Kh6 63.Rh2 Rf6+
64.Ke3 Rf3+ 65.Kd2 g5 66.Rg2 g4 67.Rh2 Kg5 68.Rh1 h4 69.Ra1 Kf4 70.Ra8 Rf2+
71.Ke1 Ke5  0-1

[Event "1st WMSG Blitz Team w"]
[Site "Beijing CHN"]
[Date "2008.10.13"]
[Round "11"]
[White "Hallaeva,B"]
[Black "Johansson,V"]
[Result "0-1"]
[WhiteElo "2119"]
[BlackElo "2179"]

1.e4 c5 2.c3 Nf6 3.e5 Nd5 4.d4 cxd4 5.cxd4 Nc6 6.Nf3 d6 7.Bc4 Nb6 8.Bb5 d5
9.Nc3 Bg4 10.h3 Bh5 11.O-O e6 12.Be3 Be7 13.Rc1 O-O 14.a3 Na5 15.Be2 Nac4
16.Qb3 Rc8 17.Nd2 Bxe2 18.Nxe2 Nxe3 19.Qxe3 Bg5 20.f4 Be7 21.Rc3 Rxc3 22.Qxc3 Qd7
23.Rc1 Qb5 24.Qe3 Qxb2 25.Rb1 Qc2 26.Rc1 Qa4 27.Rc7 Bxa3 28.Rxb7 Bb4 29.Nb3 Nc4
30.Qd3 Nb2 31.Qc2 Nc4 32.Nec1 Qa6 33.Rxb4 Rc8 34.Qd3 h6 35.Kh2 Qa3 36.Rb7 Nb2
37.Qb5 Nd1 38.Rb8 Rxb8 39.Qxb8+ Kh7 40.Qc7 Ne3 41.Qxf7 Qb2 42.Kg3 Qxg2+ 43.Kh4 Nf5+
44.Qxf5+ exf5 45.Nd3 Qf1 46.Nbc5 a5 47.e6 Kg8 48.Kg3 a4 49.Ne5 a3 50.e7 Qb5
51.Ncd7 Qxd7 52.Nxd7 Kf7 53.Ne5+ Kxe7 54.Nc6+ Kd6 55.Nb4 Kc7 56.Kf3 Kb6 57.Ke3 Kb5
58.Na2 Kc4 59.Kd2 Kb3 60.Nc1+ Kb2 61.Nd3+ Kb1 62.Nb4 a2 63.Nxa2 Kxa2 64.Kc3 Ka3
65.h4 g6 66.Kc2 Kb4 67.Kd3 Kb3 68.Kd2 Kc4 69.Ke3 Kc3 70.Ke2 Kxd4 71.Kf3 Kd3
72.Kf2 Ke4 73.Ke2 Kxf4 74.Kd3 Ke5  0-1

[Event "Belgrade Premier League"]
[Site "Belgrade SRB"]
[Date "2008.10.13"]
[Round "9"]
[White "Podinic,V"]
[Black "Tadic,Br"]
[Result "1/2-1/2"]
[WhiteElo "2402"]
[BlackElo "2483"]

1.e4 c5 2.c3 Nf6 3.d3 Nc6 4.f4 d6 5.Nf3 g6 6.g3 Bg7 7.Bg2 O-O 8.O-O Rb8 9.a4 c4
10.Na3 cxd3 11.Qxd3 Qa5 12.Nc4 Qc5+ 13.Be3 Qh5 14.e5 dxe5 15.Ncxe5 Ng4 16.Nxg4 Bxg4
17.Qb5 e5 18.fxe5 Rfe8 19.Bf4 a6 20.Qb3 Be6 21.Qb6 h6 22.Nd4 g5 23.Nxe6 Rxe6
24.Bxc6 gxf4 25.Qa7 Rc8 26.Bd7 fxg3 27.hxg3 Qxe5 28.Qf2 Rf6 29.Qg2 Rd8 30.Rxf6 Bxf6
31.Rd1 Kh8 32.Rd3 b5 33.axb5 axb5 34.Qf2 Rg8 35.Bxb5 Bh4 36.Qd4 Rxg3+ 37.Kh2 Rg5+
38.Qxe5+ Rxe5 39.Bc4 Kg7  1/2-1/2

[Event "1st WMSG Rapid Team"]
[Site "Beijing CHN"]
[Date "2008.10.14"]
[Round "2"]
[White "Garma,C"]
[Black "Neiksans,A"]
[Result "1-0"]
[WhiteElo "2347"]
[BlackElo "2456"]

1.e4 c5 2.c3 Nf6 3.e5 Nd5 4.d4 cxd4 5.Bc4 Nb6 6.Bb3 g6 7.Qf3 d5 8.exd6 e6
9.cxd4 Nc6 10.Ne2 Bg7 11.Nbc3 O-O 12.Bf4 Nxd4 13.Nxd4 Bxd4 14.Rd1 Bg7 15.O-O Nd7
16.Ne4 h6 17.Rc1 Kh7 18.Rc7 e5 19.Be3 f5 20.Qh3 f4 21.Be6 fxe3 22.Bxd7 exf2+
23.Kh1 Bxd7 24.Rxd7 Qe8 25.a4 Rf4 26.Ng5+ Kh8 27.Re7 Qxa4 28.Nf7+ Kh7 29.d7 Rh4
30.Qe6 Qf4 31.h3 Qd4 32.Nxe5 Qe4 33.Rxg7+  1-0

[Event "1st WMSG Rapid Team"]
[Site "Beijing CHN"]
[Date "2008.10.14"]
[Round "2"]
[White "Slapikas,V"]
[Black "Kojima,S"]
[Result "1-0"]
[WhiteElo "2357"]
[BlackElo "2272"]

1.e4 c5 2.c3 Nf6 3.e5 Nd5 4.d4 cxd4 5.Qxd4 e6 6.Bc4 Nc6 7.Qe4 Nb6 8.Bb3 d5
9.Qe2 Be7 10.Nf3 O-O 11.O-O Bd7 12.Re1 Rc8 13.Nbd2 Qc7 14.Nf1 Rfd8 15.Ng3 Be8
16.Nh5 d4 17.Bd2 d3 18.Qe4 Na5 19.Qg4 g6 20.Nf6+ Bxf6 21.exf6 Nac4 22.Qh4 Qc5
23.Re4 Nxd2 24.Nxd2 Bc6 25.Re3 Nd7 26.Rh3 Nf8 27.Qh6  1-0

[Event "1st WMSG Rapid Team"]
[Site "Beijing CHN"]
[Date "2008.10.14"]
[Round "2"]
[White "Manca,F"]
[Black "Amdouni,Z"]
[Result "1-0"]
[WhiteElo "2373"]
[BlackElo "2221"]

1.e4 c5 2.c3 Nf6 3.e5 Nd5 4.d4 cxd4 5.Nf3 e6 6.cxd4 d6 7.Nc3 Nxc3 8.bxc3 Nc6
9.exd6 Bxd6 10.Bd3 h6 11.O-O O-O 12.Re1 Qf6 13.Qe2 Re8 14.Qe4 Ne7 15.Qh7+ Kf8
16.Ne5 Nf5 17.Rb1 Rb8 18.Rb5 Rd8 19.Bxf5 a6 20.Ng4 Qh4 21.g3 Qh5 22.Bxe6  1-0

[Event "1st WMSG Rapid Team w"]
[Site "Beijing CHN"]
[Date "2008.10.15"]
[Round "3"]
[White "Anhchimeg,B"]
[Black "Frank Nielsen,M"]
[Result "1/2-1/2"]
[WhiteElo "2146"]
[BlackElo "1971"]

1.e4 c5 2.c3 Nf6 3.e5 Nd5 4.d4 cxd4 5.Nf3 Nc6 6.cxd4 e6 7.Bc4 Nb6 8.Bd3 d6
9.O-O Be7 10.Nc3 O-O 11.a3 Nd7 12.Bf4 dxe5 13.dxe5 Nc5 14.Bc2 Qxd1 15.Raxd1 Nd7
16.Nb5 a6 17.Nd6 Rd8 18.Rd2 h6 19.h4 Nb6 20.Be3 Nd5 21.Ne4 Nxe3 22.Rxd8+ Bxd8
23.fxe3 Bb6 24.Kf2 Bc7 25.Rd1 Kf8 26.Nd6 Ke7 27.Be4 Nxe5 28.Nxe5 Bxd6 29.Nxf7 Bc7
30.Bg6 b5 31.h5 Bb7 32.Rc1 Bb6 33.Ne5 Rf8+ 34.Ke2 Bxg2 35.Nc6+ Bxc6 36.Rxc6 Rb8
37.Kd3 Kd7 38.Rc2 Kd6 39.Ke4 Rf8 40.Rd2+ Ke7 41.Rc2 Rd8 42.Rc6 Rd6 43.Rc8 Rd8
44.Rc2 Rd6 45.Bh7 Rd1 46.Rg2 Kf6 47.Rf2+ Ke7 48.Bg6 Re1 49.Rf7+ Kd6 50.Rxg7 Bxe3
51.Kd3 Bg5 52.Ra7 Rd1+ 53.Kc2 Rc1+ 54.Kb3 Rc6 55.Be4 Rb6 56.Kc3 Bf6+ 57.Kb3 Bg5
58.Ra8 Kc5 59.Kc3 Bf6+ 60.Kd3 Rd6+ 61.Kc2 Bg5 62.Rc8+ Kd4 63.Bg6 Kd5 64.b3 Rc6+
65.Rxc6 Kxc6 66.Kd3 Kc5 67.Ke4 Bc1 68.a4 Kb4 69.axb5 axb5 70.Be8 Kxb3 71.Bxb5 Kc3
72.Ke5 Bg5 73.Ke4  1/2-1/2

[Event "1st WMSG Rapid Team"]
[Site "Beijing CHN"]
[Date "2008.10.15"]
[Round "3"]
[White "Can,E"]
[Black "Mekhitarian,K"]
[Result "1-0"]
[WhiteElo "2464"]
[BlackElo "2511"]

1.e4 c5 2.c3 Nf6 3.e5 Nd5 4.Nf3 Nc6 5.Bc4 Nb6 6.Bb3 c4 7.Bc2 Qc7 8.Qe2 g5
9.Na3 g4 10.Nb5 Qb8 11.Ng5 Nxe5 12.O-O h6 13.f4 gxf3 14.Nxf3 Bg7 15.Re1 d6
16.Nxe5 Bxe5 17.a4 Bd7 18.b3 a6 19.Na3 cxb3 20.Bxb3 Qc7 21.a5 Na4 22.Nc4 Nc5
23.Ba2 Bf6 24.d4 Ne6 25.Qh5 O-O-O 26.Qxf7 Ng5 27.Bxg5 hxg5 28.Nb6+ Kb8 29.Nd5 Qc6
30.Nxf6 exf6 31.Bd5 Qxc3 32.Qxf6 Bc8 33.Rab1 Rhf8 34.Qg7 Rd7 35.Qxf8 Qxd4+
36.Kh1 Qxd5 37.Rbc1 Rc7 38.Rxc7 Kxc7 39.Rc1+ Qc6 40.Rxc6+ bxc6 41.Qg7+ Bd7
42.Qxg5 c5 43.h4 Kc6 44.h5 c4 45.h6 d5 46.h7 Kc5 47.h8=Q Bc6 48.Qe3+ Kb5
49.Qb6+  1-0

[Event "1st WMSG Rapid Team w"]
[Site "Beijing CHN"]
[Date "2008.10.15"]
[Round "4"]
[White "Bhatia,K"]
[Black "Panella,F"]
[Result "0-1"]
[WhiteElo "2065"]
[BlackElo "2004"]

1.e4 c5 2.c3 Nf6 3.e5 Nd5 4.d4 cxd4 5.Nf3 e6 6.cxd4 d6 7.a3 b6 8.Bd3 Bb7
9.O-O Be7 10.Qe2 Nd7 11.Re1 Rc8 12.Bd2 Qc7 13.Nc3 Nxc3 14.Bxc3 O-O 15.Rac1 Qb8
16.Bb1 Qa8 17.Be4 Bxe4 18.Qxe4 Qxe4 19.Rxe4 dxe5 20.dxe5 Nc5 21.Re2 Nb3 22.Rd1 Rfd8
23.Rxd8+ Rxd8 24.g3 Kf8 25.Re4 Rd3 26.Ne1 Rd1 27.Rc4 Bc5 28.Kg2 b5 29.Rh4 h6
30.Nf3 a5 31.Re4 Ke8 32.Re1 Rxe1 33.Bxe1 Kd7 34.Kf1 Kc6 35.Ke2 Kd5 36.Kd3 a4
37.Bb4 Bxf2 38.Bf8 g5 39.Bxh6 g4 40.Nh4 Kxe5 41.Ng2 Bg1 42.Ne3 f5 43.Bg7+ Kd6
44.Bf8+ Kc6 45.Bh6 Bxh2 46.Bf4 Nc5+ 47.Kd4 Nd7 48.Nc2 Bg1+ 49.Kd3 e5 50.Nb4+ Kc5
51.Bg5 Bf2 52.Be3+ Bxe3 53.Kxe3 Nf6 54.Kd3 f4 55.gxf4 exf4 56.Ke2 Kd4 57.Nc6+ Ke4
58.Kf2 g3+ 59.Kg2 Nd5 60.Kf1 f3 61.Nd8 Ne3+  0-1

[Event "1st WMSG Rapid Team"]
[Site "Beijing CHN"]
[Date "2008.10.15"]
[Round "6"]
[White "Espinosa Flores,R"]
[Black "Neiksans,A"]
[Result "1-0"]
[WhiteElo "2412"]
[BlackElo "2456"]

1.e4 c5 2.c3 Nf6 3.e5 Nd5 4.d4 cxd4 5.Nf3 Nc6 6.cxd4 d6 7.Bc4 e6 8.O-O Be7
9.Qe2 O-O 10.Re1 Bd7 11.Nc3 Nxc3 12.bxc3 dxe5 13.dxe5 Na5 14.Bd3 Bc6 15.Nd4 Bd5
16.Qg4 Re8 17.Re3 g6 18.Rh3 Qc7 19.Bf4 Bf8 20.Qh4 h5 21.Rg3 Bg7 22.Nb5 Qd7
23.Nd6 Nc6 24.Nxf7 Qxf7 25.Bxg6 Qc7 26.Qxh5 Re7 27.Qh7+ Kf8 28.Bh6 Rf7 29.Bxg7+ Rxg7
30.Qh8+  1-0

[Event "28th OIS"]
[Site "Munich GER"]
[Date "2008.10.15"]
[Round "5"]
[White "Rassl,B"]
[Black "Raykhman,A"]
[Result "1/2-1/2"]
[WhiteElo "2102"]
[BlackElo "2262"]

1.e4 c5 2.c3 Nf6 3.e5 Nd5 4.Nf3 e6 5.d4 cxd4 6.cxd4 d6 7.a3 Bd7 8.Bd3 Bc6
9.Qe2 Nd7 10.O-O Rc8 11.Re1 dxe5 12.Nxe5 Nxe5 13.dxe5 a6  1/2-1/2

[Event "Milton Keynes Open"]
[Site "Newport Pagnell ENG"]
[Date "2008.10.15"]
[Round "2"]
[White "Byron,A"]
[Black "Wells,D"]
[Result "1/2-1/2"]
[WhiteElo "2204"]
[BlackElo "2012"]

1.e4 c5 2.c3 Nf6 3.e5 Nd5 4.d4 cxd4 5.Qxd4 e6 6.Nf3 Nc6 7.Qe4 f5 8.Qe2 d6
9.exd6 Bxd6 10.g3 O-O 11.Bg2 Nb6 12.O-O e5 13.Bg5 Qc7 14.a4 Be6 15.a5 Nc4
16.a6 bxa6 17.Nbd2 Nxb2 18.Rxa6 Rab8 19.Rfa1 Bc8 20.R6a2 Be6 21.Ra6 Bc8 22.R6a2 Be6
23.Ra6  1/2-1/2

[Event "1st WMSG Rapid Team"]
[Site "Beijing CHN"]
[Date "2008.10.16"]
[Round "7"]
[White "Espinosa Flores,R"]
[Black "Atakisi,U"]
[Result "1-0"]
[WhiteElo "2412"]
[BlackElo "2393"]

1.e4 c5 2.c3 Nf6 3.e5 Nd5 4.d4 cxd4 5.Nf3 Nc6 6.cxd4 d6 7.Bc4 dxe5 8.dxe5 Nb6
9.Qxd8+ Nxd8 10.Be2 a6 11.Nc3 e6 12.Nd4 Nd7 13.f4 b5 14.a4 b4 15.Ne4 Bb7
16.Bf3 Nc5 17.Nxc5 Bxc5 18.Bxb7 Nxb7 19.Nb3 O-O 20.Ke2 Rfd8 21.Bd2 Rd5 22.Rhd1 Rad8
23.Be1 g5 24.Rxd5 Rxd5 25.g3 Kg7 26.Rc1 gxf4 27.gxf4 Kg6 28.Bh4 Kf5 29.Bg5 Kg6
30.h4 h6 31.h5+ Kxh5 32.Rh1+ Kg4 33.Rxh6 Bb6 34.Rh7 Rd7 35.Nd2 Nc5 36.Nc4 Bc7
37.Ne3+ Kg3 38.Nf1+ Kg4 39.Rh4+ Kf5 40.Ng3+ Kg6 41.Rh6+ Kg7 42.Nh5+ Kg8 43.Bf6  1-0

[Event "1st WMSG Rapid Team w"]
[Site "Beijing CHN"]
[Date "2008.10.16"]
[Round "8"]
[White "Ghader Pour,S"]
[Black "Dekic,B"]
[Result "1-0"]
[WhiteElo "2149"]
[BlackElo "2103"]

1.e4 c5 2.c3 Nf6 3.e5 Nd5 4.d4 e6 5.Nf3 d6 6.Bd3 Nc6 7.O-O dxe5 8.dxe5 Qc7
9.Qe2 a6 10.a4 Na5 11.Nbd2 Nf4 12.Qe3 Nxd3 13.Qxd3 c4 14.Qe4 Bd7 15.Qf4 Nb3
16.Nxb3 cxb3 17.Rd1 Rc8 18.Qg4 h6 19.Be3 Bc6 20.a5 Bd5 21.Bb6 Qc4 22.Rd4 Qe2
23.Rxd5 Qxb2 24.Qa4+ Rc6 25.Rd8+  1-0

[Event "1st WMSG Rapid Team w"]
[Site "Beijing CHN"]
[Date "2008.10.16"]
[Round "9"]
[White "Hallaeva,B"]
[Black "Johansson,V"]
[Result "0-1"]
[WhiteElo "2119"]
[BlackElo "2179"]

1.e4 c5 2.c3 Nf6 3.e5 Nd5 4.d4 cxd4 5.cxd4 Nc6 6.Nf3 d6 7.Bc4 Nb6 8.Bb5 d5
9.O-O Bg4 10.h3 Bf5 11.Be3 e6 12.Nbd2 a6 13.Bxc6+ bxc6 14.Rc1 Qd7 15.Qb3 Rb8
16.Nh4 Bg6 17.Nxg6 hxg6 18.Rc3 Be7 19.Rfc1 O-O 20.Qc2 a5 21.Rxc6 Nc4 22.Rxc4 dxc4
23.Nxc4 Rfc8 24.Qd3 Qb5 25.Rc3 Bb4 26.Rc2 Rc6 27.Qe2 Rbc8 28.b3 a4 29.Rb2 axb3
30.axb3 Bc3 31.Rc2 Qxb3  0-1

[Event "TCh-AUT 2nd Bundesliga West 2008-9"]
[Site "Austria AUT"]
[Date "2008.10.19"]
[Round "3"]
[White "Teufl,S"]
[Black "Danner,G"]
[Result "0-1"]
[WhiteElo "2200"]
[BlackElo "2438"]

1.e4 c5 2.c3 Nf6 3.e5 Nd5 4.d4 cxd4 5.Qxd4 e6 6.Bc4 Nc6 7.Qe4 d6 8.exd6 Nf6
9.Qe2 Bxd6 10.Nf3 Qc7 11.Bg5 h6 12.Bxf6 gxf6 13.Nbd2 Bd7 14.a4 O-O-O 15.b4 Ne5
16.Nxe5 Bxe5 17.Rc1 Bf4 18.Nb3 Bc6 19.O-O Bxh2+ 20.Kh1 Rdg8 21.f3 Bg3 22.Qe3 Bd5  0-1

[Event "24th ECC"]
[Site "Kallithea GRE"]
[Date "2008.10.19"]
[Round "3"]
[White "Godena,M"]
[Black "Van Wely,L"]
[Result "1/2-1/2"]
[WhiteElo "2517"]
[BlackElo "2618"]

1.e4 c5 2.c3 Nf6 3.e5 Nd5 4.Nf3 Nc6 5.d4 cxd4 6.cxd4 d6 7.Bc4 Nb6 8.Bb5 dxe5
9.Nxe5 Bd7 10.Nxd7 Qxd7 11.Nc3 e6 12.O-O Be7 13.Qg4 O-O 14.Bxc6 bxc6 15.Bh6 Bf6
16.Rfd1 Kh8 17.Ne4  1/2-1/2

[Event "24th ECC"]
[Site "Kallithea GRE"]
[Date "2008.10.19"]
[Round "3"]
[White "Ledger,A"]
[Black "Kveinys,A"]
[Result "0-1"]
[WhiteElo "2429"]
[BlackElo "2533"]

1.e4 c5 2.c3 Nf6 3.e5 Nd5 4.Nf3 e6 5.Bc4 Nc6 6.d4 cxd4 7.cxd4 d6 8.O-O Be7
9.a3 O-O 10.Re1 a6 11.Bd3 Bd7 12.exd6 Bxd6 13.Nc3 Nce7 14.Ne4 Bb5 15.Bb1 Ng6
16.h4 Rc8 17.a4 Bc6 18.h5 Ngf4 19.Ne5 Bb4 20.Bd2 Bxd2 21.Qxd2 Nxh5 22.Ra3 Nhf4
23.Nc5 g6 24.Rg3 h6 25.Ncd3 Nh5 26.Rh3 Qf6 27.Rf3 Qg7 28.Nxc6 Rxc6 29.Ne5 Rc7
30.g3 Nhf6 31.Kg2 a5 32.Rc1 Rfc8 33.Rxc7 Rxc7 34.Ba2 Qf8 35.Bc4 Qb4 36.Qxb4 axb4
37.Rb3 Kg7 38.Kf3 h5 39.Ke2 g5 40.Rf3 Ne7 41.Rb3 Nfd5 42.Kd3 b6 43.Bxd5 Nxd5
44.Nc4 Ra7 45.Ne3 Rxa4 46.Nxd5 exd5 47.Kc2 Kg6 48.Rd3 h4 49.gxh4 gxh4 50.Kb3 Ra8
51.Rh3 Kg5 52.f3 Rc8 53.Kxb4 Rc4+ 54.Kb5 Rxd4 55.Kxb6 Rb4+ 56.Kc5 Rxb2 57.Kxd5 Re2
58.Kd4 f5 59.Kd3 Rg2 60.Ke3 Rg3 61.Rh2 h3 62.Rh1 Kh4 63.Kf4 Rg8 64.Kxf5 Rf8+
65.Ke4 Kg3 66.Rg1+ Kf2 67.Rh1 Kg2 68.Rb1 Rxf3  0-1

[Event "LiraH Autumn"]
[Site "Lichtenrade GER"]
[Date "2008.10.19"]
[Round "2"]
[White "Dauth,B"]
[Black "Moritz,A"]
[Result "1-0"]
[WhiteElo "2266"]
[BlackElo "1979"]

1.e4 c5 2.c3 Nf6 3.e5 Nd5 4.d4 cxd4 5.cxd4 d6 6.f4 Nc6 7.Nc3 dxe5 8.fxe5 Bf5
9.Bb5 e6 10.Nf3 Bb4 11.O-O Nxc3 12.bxc3 Bxc3 13.Bxc6+ bxc6 14.Ba3 Bxa1 15.Qxa1 Rb8
16.Qc1 Qd7 17.Bd6 Rb5 18.a4 Rd5 19.Bc5 h6 20.Qc3 f6 21.h3 h5 22.Rf2 h4 23.Rb2 Kf7
24.Rb4 g5 25.exf6 Kxf6 26.Ne5 Rxe5 27.dxe5+ Kg6 28.Bd6 Rc8 29.Qc5 Bd3 30.Rd4 Bf5
31.Be7 Qb7 32.Rb4 Qd7 33.Bd6 Bd3 34.Rb3 Be4 35.Rb2 Bf5 36.a5 Bd3 37.Rf2 Bf5
38.a6 Qf7 39.Rf3 Qd7 40.Rb3 Qe8 41.Rb7 Kh6 42.Rxa7 Ra8 43.Rxa8 Qxa8 44.Bf8+ Kh5
45.Qe7 Qxa6 46.Qf7+  1-0

[Event "LiraH Autumn"]
[Site "Lichtenrade GER"]
[Date "2008.10.19"]
[Round "2"]
[White "Roitzsch,P"]
[Black "Boewer,R"]
[Result "0-1"]
[WhiteElo "1964"]
[BlackElo "2238"]

1.e4 c5 2.c3 Nf6 3.e5 Nd5 4.d4 cxd4 5.Nf3 Nc6 6.Bc4 Nb6 7.Bb3 d5 8.exd6 e6
9.cxd4 Qxd6 10.O-O Be7 11.Nc3 a6 12.Ne4 Qd8 13.Bf4 Nd5 14.Bg3 O-O 15.Nc3 Nf6
16.a3 b5 17.Qd3 Bb7 18.Rfd1 b4 19.Ne2 Na5 20.axb4 Be4 21.Qe3 Nxb3 22.Qxb3 Qb6
23.Be5 Qxb4 24.Qxb4 Bxb4 25.Bxf6 gxf6 26.Nc3 Bb7 27.Ne1 Rfd8 28.Nc2 Be7 29.f4 f5
30.Kf2 Rac8 31.Rd2 Kf8 32.g3 Rc4 33.Ra4 Rdc8 34.Rxc4 Rxc4 35.Ke3 a5 36.Ne1 Bb4
37.Rc2 Be7 38.Na2 Rxc2 39.Nxc2 Be4 40.Na3 Ke8 41.Nc3 Bc6 42.Nc4 Bd8 43.Ne5 Bb7
44.Na4 f6 45.Nd3 Bc6 46.Nac5 Ke7 47.b3 Bb6 48.Nb2 Bxc5 49.dxc5 Bd5 50.Kd4 Bxb3
51.Kc3 Bd5 52.Na4 Kd7 53.Kd4 Kc6 54.h4 Bb3 55.Nb6 a4 56.Kc3 e5 57.Kb4 e4
58.Kc3 e3  0-1

[Event "WYCC Boys U14"]
[Site "Vung Tau City VIE"]
[Date "2008.10.20"]
[Round "1"]
[White "Sathyanandha,Sa"]
[Black "Van Kampen,R"]
[Result "1-0"]
[WhiteElo "1951"]
[BlackElo "2307"]

1.e4 c5 2.c3 Nf6 3.e5 Nd5 4.d4 cxd4 5.Nf3 e6 6.cxd4 d6 7.Nc3 Nxc3 8.bxc3 Qc7
9.Bd2 Nd7 10.exd6 Bxd6 11.Bd3 b6 12.O-O Bb7 13.Re1 O-O 14.h3 Bf4 15.Be4 Bxd2
16.Qxd2 Bxe4 17.Rxe4 Rac8 18.Rc1 Qc4 19.Rg4 f5 20.Rg3 Rf7 21.Re1 Qxc3 22.Qxc3 Rxc3
23.Rxe6 Nf8 24.Re8 Rd7 25.Kh2 Rcc7 26.Ng5 Re7 27.Re3 Rxe8 28.Rxe8 Rd7 29.Ra8 Rd6
30.d5 Rxd5 31.Ne6 Kf7 32.Nxf8 h6 33.Nh7 Ra5 34.Nf8 Rxa2 35.Nd7 b5 36.Ne5+ Kf6
37.Nc6 Ra6 38.Rf8+ Kg6 39.Ne7+ Kh7 40.Rxf5 Rb6 41.Nc8 Kg6 42.Rc5  1-0

[Event "WYCC Girls U16"]
[Site "Vung Tau City VIE"]
[Date "2008.10.20"]
[Round "1"]
[White "Niji,A1"]
[Black "Arig,B"]
[Result "1-0"]
[WhiteElo "2057"]
[BlackElo "1769"]

1.e4 c5 2.c3 Nf6 3.e5 Nd5 4.d4 e6 5.Nf3 d6 6.dxc5 dxe5 7.Nxe5 Bxc5 8.Bb5+ Nd7
9.O-O O-O 10.Qe2 Nxe5 11.Qxe5 Qb6 12.Be2 Bd7 13.Nd2 Bd6 14.Qe4 Qc7 15.Nf3 Bc6
16.Qc2 Rfd8 17.Bg5 Rd7 18.Rad1 h6 19.Bh4 Nf4 20.Bg3 Nxe2+ 21.Qxe2 Bxg3 22.hxg3 Rad8
23.Rfe1 Bd5 24.Ne5 Rd6 25.a3 f6 26.Nf3 Bc4 27.Qc2 Bd3 28.Qc1 Qc4 29.Qf4 Qxf4
30.gxf4 Bc4 31.Nd4 Kf7 32.Rd2 Bd5 33.f3 g5 34.g3 gxf4 35.gxf4 Bxf3 36.Rh2 Bd5
37.Rxh6 Rg8+ 38.Kf1 Rg4 39.Ne2 Bc4 40.Rh2  1-0

[Event "24th ECC"]
[Site "Kallithea GRE"]
[Date "2008.10.21"]
[Round "5"]
[White "Yssing,K"]
[Black "Grabliauskas,V"]
[Result "0-1"]
[WhiteElo "2125"]
[BlackElo "2427"]

1.e4 c5 2.c3 Nf6 3.e5 Nd5 4.d4 cxd4 5.cxd4 d6 6.exd6 e6 7.Nc3 Bxd6 8.Nf3 O-O
9.Bd3 Nf4 10.O-O Nxd3 11.Qxd3 h6 12.Re1 Nc6 13.a3 b6 14.Ne4 Be7 15.Bf4 Re8
16.Rad1 Bb7 17.b4 Bf8 18.Qb3 a5 19.b5 a4 20.Qd3 Ne7 21.Ne5 Nf5 22.Nc4 Rc8
23.Be5 Bd5 24.Rc1 f6 25.Bf4 Bxc4 26.Rxc4 Rxc4 27.Qxc4 Qxd4 28.Qc6 Kf7 29.h3 Bxa3
30.Bc7 Ne7 31.Qb7 Bb4 32.Bxb6 Qd5 33.Qxd5 exd5 34.Rb1 dxe4 35.Bc7 Nd5 36.b6 a3  0-1

[Event "24th ECC"]
[Site "Kallithea GRE"]
[Date "2008.10.21"]
[Round "5"]
[White "Galopoulos,P"]
[Black "Weindl,A"]
[Result "0-1"]
[WhiteElo "2178"]
[BlackElo "2354"]

1.e4 c5 2.c3 Nf6 3.e5 Nd5 4.d4 cxd4 5.Nf3 Nc6 6.cxd4 d6 7.Bc4 Nb6 8.Bb5 dxe5
9.Nxe5 Bd7 10.Nxd7 Qxd7 11.Nc3 e6 12.O-O Be7 13.Qg4 O-O 14.Bxc6 bxc6 15.Bh6 Bf6
16.Rfd1 Kh8 17.Ne4 Rg8 18.Nxf6 gxf6 19.Qh4 Rg6 20.Rd3 Rag8 21.Rg3 Nd5 22.Rxg6 fxg6
23.Be3 Qb7 24.b3 Qa6 25.Qe4 Re8 26.Qc2 Kg7 27.Rc1 Re7 28.g3 Rc7 29.Qd2 Kf7
30.Bf4 Rd7 31.Rc2 g5 32.Be3 Rc7 33.Rc4 Kg7 34.Qc2 Qc8 35.Qe4 Qd7 36.h4 h6
37.h5 Qf7 38.g4 Kg8 39.Qc2 Qe8 40.Bc1 f5 41.f3 Qd7 42.Qh2 Nb6 43.Rb4 c5 44.dxc5 Qd1+
45.Kg2 Rxc5 46.Be3 Rc2+ 47.Bf2 Rxf2+ 48.Kxf2 Qd2+ 49.Kg1 Qxb4 50.Qb8+ Kf7
51.Qxa7+ Kf6 52.Qb8 fxg4 53.Qd8+ Kf5 54.Qd3+ Kf4  0-1

[Event "24th ECC"]
[Site "Kallithea GRE"]
[Date "2008.10.21"]
[Round "5"]
[White "Sisatto,O"]
[Black "Galic,I2"]
[Result "0-1"]
[WhiteElo "2283"]
[BlackElo "2316"]

1.e4 c5 2.c3 Nf6 3.e5 Nd5 4.d4 cxd4 5.Nf3 Nc6 6.cxd4 d6 7.Bd2 e6 8.Nc3 dxe5
9.dxe5 Ndb4 10.Bf4 Nd5 11.Bd2 Nxc3 12.Bxc3 Qxd1+ 13.Rxd1 Bd7 14.a3 Ne7 15.Bb4 Nd5
16.Bxf8 Rxf8 17.Bc4 Nf4 18.Rd4 Ng6 19.h4 Bc6 20.h5 Ne7 21.Ng5 Bxg2 22.Rg1 Bc6
23.h6 gxh6 24.Nxh7 Nf5 25.Rdg4 Rh8 26.Bd3 O-O-O 27.Bxf5 exf5 28.Rg7 Bf3  0-1